Fútbol - Selecciones que le ganaron a Brasil desde el 2000 - Estadísticas

Estadísticas generales
  • Esta prueba ha sido intentada 190 veces
  • La puntuación promedio es 13 de 16
Estadísticas de respuestas
Cantidad Primera Última Equipo % Correcto
5 2001 2025 Argentina
100%
1 2014 2014 Alemania
99%
2 2001 2023 Uruguay
96%
2 2000 2015 Chile
95%
2 2015 2023 Colombia
94%
2 2001 2006 Francia
91%
1 2016 2016 Perú
89%
4 2000 2024 Paraguay
87%
3 2001 2025 Bolivia
86%
5 2001 2007 México
86%
1 2018 2018 Bélgica
85%
2 2001 2004 Ecuador
81%
2 2010 2014 Países Bajos
76%
2 2003 2022 Camerún
50%
1 2001 2001 Honduras
36%
1 2001 2001 Australia
26%
No se encontraron pruebas coincidentes
Distribución de puntuación
Porcentaje de gente con cada puntuación
Porcentaje por número respondido
Historial de tus puntuaciones
No has intentado esta prueba.